[Event "Halle-chT (Women)"]
[Site "Halle"]
[Date "2005.04.17"]
[Round "5.5"]
[White "Freter, Anke"]
[Black "Korentsvit, Eugenia"]
[Result "0-1"]
[WhiteElo "1792"]
[BlackElo "1818"]
[PlyCount "56"]
[EventDate "2005.04.14"]
[EventType "team"]
[EventRounds "5"]
[EventCountry "GER"]
[SourceTitle "CBM 105 Extra"]
[Source "ChessBase"]
[SourceDate "2005.05.01"]
[SourceVersion "1"]
[SourceVersionDate "2005.05.01"]
[SourceQuality "1"]

1. e4 c5 2. Nc3 d6 3. g3 Nf6 4. Bg2 Nc6 5. d3 e6 6. f4 a6 7. Nf3 Qc7 8. 0-0 Nd4 9. Be3 Nxf3+ 10. Bxf3 Be7 11. Qd2 Bd7 12. Qg2 Bc6 13. g4 0-0-0 14. g5 Nd7 15. f5 exf5 16. exf5 Ne5 17. Bd5 Kb8 18. Rab1 h6 19. b4 hxg5 20. b5 axb5 21. Nxb5 Bxd5 22. Qxd5 Qc6 23. Nc3 Rh3 24. Qxc6 Nxc6 25. Nd5 Bf6 26. Rb6 Nb4 27. Nxb4 cxb4 28. Bd2 Bd4+ 0-1

[Event "Halle-chT (Women)"]
[Site "Halle"]
[Date "2005.04.15"]
[Round "3.5"]
[White "Korentsvit, Eugenia"]
[Black "Zabarska, Natalia"]
[Result "0-1"]
[WhiteElo "1818"]
[BlackElo "1709"]
[PlyCount "106"]
[EventDate "2005.04.14"]
[EventType "team"]
[EventRounds "5"]
[EventCountry "GER"]
[SourceTitle "CBM 105 Extra"]
[Source "ChessBase"]
[SourceDate "2005.05.01"]
[SourceVersion "1"]
[SourceVersionDate "2005.05.01"]
[SourceQuality "1"]

1. d4 Nf6 2. c4 g6 3. g3 Bg7 4. Bg2 0-0 5. Nc3 d6 6. e3 Nc6 7. Nge2 e5 8. 0-0 Nh5 9. b3 f5 10. dxe5 Nxe5 11. Ba3 g5 12. f4 Ng4 13. Qd3 Re8 14. e4 Qf6 15. h3 Nh6 16. Rac1 gxf4 17. Nxf4 Nxf4 18. Rxf4 Qd4+ 19. Qxd4 Bxd4+ 20. Kh2 Be3 21. Rh4 Bxc1 22. Bxc1 Nf7 23. Nd5 Rf8 24. Ne7+ Kg7 25. Nxf5+ Bxf5 26. exf5 Rae8 27. Bb2+ Ne5 28. Rg4+ Kf7 29. Bd5+ Ke7 30. Rg7+ Kd8 31. g4 Nd3 32. Bd4 c5 33. Bc3 Re2+ 34. Kg3 Rc2 35. Ba1 Rxa2 36. Be4 Nf2 37. Bxb7 Nd1 38. f6 Rxa1 39. g5 Rb1 40. Rxh7 Rxb3+ 41. Kf4 Rb2 42. Kf5 Ne3+ 43. Kg6 Nxc4 44. Kg7 Rxb7+ 45. Kxf8 Rxh7 46. g6 Rh6 47. Kg7 Rxg6+ 48. Kxg6 Ne5+ 49. Kg7 c4 50. h4 c3 51. h5 c2 52. h6 c1Q 53. h7 Qg5+ 0-1